Library of the University of Algiers 3
Ibrahim Sultan Cheibout
شعار جامعة الجزائر 3
مكتبة جامعة الجزائر 3
إبراهيم سلطان شيبوط

الاوراق النقدية في الاقتصاد الاسلامي : (رقم التسجيلة. 42854)

تفاصيل مارك
000 -LEADER
fixed length control field 01864nam a2200217Ia 4500
003 - CONTROL NUMBER IDENTIFIER
control field Ost
005 - DATE AND TIME OF LATEST TRANSACTION
control field 20260507075109.0
008 - FIXED-LENGTH DATA ELEMENTS--GENERAL INFORMATION
fixed length control field 260507s9999||||xx |||||||||||||| ||und||
040 ## - CATALOGING SOURCE
Transcribing agency fsecg
041 ## - LANGUAGE CODE
Language code of text/sound track or separate title ara
082 ## - DEWEY DECIMAL CLASSIFICATION NUMBER
Classification number 330
100 ## - MAIN ENTRY--PERSONAL NAME
Personal name احمد، حسين
Relator term مؤلف
245 #0 - TITLE STATEMENT
Title الاوراق النقدية في الاقتصاد الاسلامي :
Remainder of title قيمتها واحكامها /
Statement of responsibility, etc. حسين احمد
260 ## - PUBLICATION, DISTRIBUTION, ETC.
Place of publication, distribution, etc. دمشق:
Name of publisher, distributor, etc. دار الفكر,
Date of publication, distribution, etc. 1999
300 ## - PHYSICAL DESCRIPTION
Extent 432 صفحة؛
Dimensions 24 سم
520 ## - SUMMARY, ETC.
Summary, etc. ظهرت الأوراق النقدية على اثر الحرب العالمية الاولى سنة 1914 فلم تعد الدول منذ ذلك التاريخ تسمح بالتعامل بالذهب والفضة كالسابق ، وازاء ذلك اختلفت وجهات النظر لدى العلماء في مدى تطبيق الأحكام الفقهية المتعلقة بالدنانير الذهبية والدراهم الفضية على الأوراق النقدية ولقد توصلت الأبحاث في هذا الكتاب الى تكيف الفقهي للأوراق النقدية بإلحاقها بالذهب والفضة بالاستناد ألى التاهيل الفقهي والكشف عن الأدلة فتتبع الباحث تاريخ النقود ثم جمع أراء الفقهاء في مسائلها وفصل الأدلة الأصولية في اعتماد الأوراقالنقدية فالكتاب يبحث في تغير قيمة النقود وما يترتب عليه من انخفاض القوة الشرائية الأمر الذي يؤدي الى خسارة الدائن جزء من دينه ...... كما يبحث في بعض المعاملات المصرفية المعاصرة .
653 ## - INDEX TERM--UNCONTROLLED
Uncontrolled term اقتصاد اسلامي
653 ## - INDEX TERM--UNCONTROLLED
Uncontrolled term النقود
653 ## - INDEX TERM--UNCONTROLLED
Uncontrolled term اوراق نقدية
942 ## - ADDED ENTRY ELEMENTS (KOHA)
Koha item type كتب
المقتنيات
Withdrawn status Lost status Source of classification or shelving scheme Damaged status Not for loan Home library Current library Date acquired Serial enumeration / chronology Inventory number Total checkouts Full call number Barcode Date last seen Price effective from Koha item type
    Dewey Decimal Classification   NOT LOAN / إعارة داخلية مكتبة كلية العلوم الإقتصادية والعلوم التجارية وعلوم التسيير مكتبة كلية العلوم الإقتصادية والعلوم التجارية وعلوم التسيير 07/05/2026 الطابق الأرضي 1436/1   أ/1436ن1 1436/1 07/05/2026 07/05/2026 كتب

موارد الويب المفتوحة


© University of Algiers 3 All Rights Reserved
|
Implemented by LECHELAH Riad